Dobre utajená kvalita

Bibliographic Details
Main Author: Rajnoha, Milan (Author)
Format: Article
Language:Slovak
PhysicalDescription:Fotogr.
ISSN:1335-2008
Subjects:

MARC

LEADER 00000nab a2200000 a 4500
001 vtls000830841
003 SK-MaSNL
005 20260303115849.0
008 180207c2002 xo 0 slo
015 |a SNBRB2003/04-10682 
035 |a CLN000182496 
040 |a SNKBUCL  |b slo  |c SNKBUCL  |e AACR2 
041 0 |a slo 
044 |a xo  |c SK 
080 |a 338.45(437.6):677  |2 UDC-MRF-SK2 
080 |a 338.45(437.6):687  |2 UDC-MRF-SK2 
080 |a 677(437.6)  |2 UDC-MRF-SK2 
080 |a 687(437.6)  |2 UDC-MRF-SK2 
100 1 |a Rajnoha, Milan  |4 aut  |9 929012 
245 1 0 |a Dobre utajená kvalita  |c Milan Rajnoha 
300 |b Fotogr. 
650 0 7 |a priemysel textilný  |x priemysel odevný  |z Slovensko  |y 2001  |2 snkbucl  |9 1131815 
650 0 7 |a odevný priemysel  |2 snkbucl  |9 71274 
655 7 |a články z novín a časopisov  |2 snkbucl  |9 267496 
773 0 |x 1335-2008  |t Obchod  |g Roč. 7, apríl (2002), s. 26 
850 |a Slovenská národná knižnica v Martine 
852 |a SNK  |b KIS3GCP 
958 |a RBX 
999 |c 1906421  |d 1908351